LIBRARY & INFORMATION CENTRE, KCAET, TAVANUR

ONLINE PUBLIC ACCESS CATALOGUE (OPAC)

Crop Production and Management (Record no. 19028)

MARC details
000 -LEADER
fixed length control field 00415nam a22001697a 4500
003 - CONTROL NUMBER IDENTIFIER
control field OSt
008 - FIXED-LENGTH DATA ELEMENTS--GENERAL INFORMATION
fixed length control field 250115b |||||||| |||| 00| 0 eng d
020 ## - INTERNATIONAL STANDARD BOOK NUMBER
ISBN 81-204-0112-3
041 ## - LANGUAGE CODE
Language code of text/sound track or separate title eng
082 ## - DEWEY DECIMAL CLASSIFICATION NUMBER
Classification number 633.08
Item number MOR/CR
100 ## - MAIN ENTRY--AUTHOR NAME
Personal name Morachan, YB
245 ## - TITLE STATEMENT
Title Crop Production and Management
250 ## - EDITION STATEMENT
Edition statement 2nd
260 ## - PUBLICATION, DISTRIBUTION, ETC. (IMPRINT)
Place of publication New Delhi:
Name of publisher Oxford & IBH Publishing Co,
Year of publication 1986.
300 ## - PHYSICAL DESCRIPTION
Number of Pages 294pages.
942 ## - ADDED ENTRY ELEMENTS (KOHA)
Koha item type Books
Holdings
Withdrawn status Lost status Damaged status Home library Current library Date acquired Source of acquisition Cost, normal purchase price Full call number Accession Number Koha item type
Withdrawn     KAUAET KAUAET 15/01/2025 M/S Minerva Book Stall, Thrissur 36.00 633.08 MOR/CR 15314 Books
Withdrawn     KAUAET KAUAET 15/01/2025 M/S Minerva Book Stall, Thrissur 36.00 633.08 MOR/CR 15315 Books
free website counter